Quizzes
Events
Quiz Creation
Community
Videos
Private Events
Remove Ads
Sign In
Join for FREE
Feedback
Dark Mode
Quiz Categories
Sports
Geography
Music
Movies
Television
Just For Fun
Miscellaneous
History
Literature
Language
Science
Gaming
Entertainment
Religion
Holiday
For Kids
Quiz Lab
Recent
Popular Today
Quiz Kudos Today
Editor Picks
Curator Picks
Quizzes by...
Day
Popularity
Type
Ratings
Length
Year
Community
Subscriptions
Recent Discussions
Orange Saloon
Badges
Playlists
Quests
Create
Leaderboards
Showdown
Live 5
Trivia Bingo
Activity
Puzzle Library
Sporcle Events
Private Events
Virtual Trivia
Globe League
Become a Host
Pub Owners
SporcleCon
Opinionation
Our Games
Videos
Blog
Mobile Apps
Partnerships
Remove Ads and Go Orange
Feedback
Religion
Mythology
Religious Music
World Religions
Bible
Christianity
Catholicism
Judaism
Church
Scripture
Islam
Verse
Religion
Mythology
Religious Music
World Religions
Bible
Christianity
Catholicism
Judaism
Church
Scripture
Islam
Verse
Random Quiz
Search Sporcle
×
Curator Pick
Curator Pick
Religion
Catholicism
Type in answers that appear in a list
Type in answers that appear in a list
Classic
Best Score? Go Orange.
Catholic Holy Days of Obligation Stats
Can you name the Catholic Holy Days of Obligation?
By
dan144556
6m
20 Questions
1,363 Plays
1,363 Plays
1,363 Plays
Comments
Comments
Give Quiz Kudos
Give Quiz Kudos
-
- Ratings
hide this ad
Replay
Link that replays current quiz
Next Quiz
Link to next quiz in quiz playlist
You Got
0%
They Got
Avg Score
72%
Avg Friend Score
Upgrade to see
Score Distribution
Jump to the score distribution portion of the page
Score
0/20
Timer
06:00
0
Plays Today
Holy Day
% Correct
Christmas
97.8%
Christmas
97.8%
Christmas
97.8%
Christmas
97.8%
Christmas
97.8%
All Saints' Day
84.1%
All Saints' Day
84.1%
All Saints' Day
84.1%
Assumption of the Blessed Virgin Mary
71.3%
Assumption of the Blessed Virgin Mary
71.3%
Holy Day
% Correct
Assumption of the Blessed Virgin Mary
71.3%
Assumption of the Blessed Virgin Mary
71.3%
Feast of the Immaculate Conception
66.8%
Feast of the Immaculate Conception
66.8%
Ascension
64.9%
St. Patrick's Day
60.4%
Epiphany
53.9%
Solemnity of Mary, Mother of God
42.8%
Solemnity of Mary, Mother of God
42.8%
Feast of Saints Peter & Paul
17.4%
Quiz Playlist
Details
Report
Send in Message
Add To Playlist
Classic:
Type in answers that appear in a list
Quiz Source
Last Updated: Feb 16, 2017
Curator Pick in
Catholicism
Quiz Scoreboard
CHALLENGE
Sign Up to Join the Scoreboard
Show All
Scores
Hide
Comments
May contain spoilers
Recently Published
An Introduction to Baseball
by treessimontrees
Sports
5m
Movies - When Are They Set?
by FPL_Elf
Movies
5m
Popular People in 1961
by mucciniale
History
6m
More to Explore
Quiz From the Vault
Featured Blog Post
Where Did the Easter Bunny Come From?
hide this ad
You Might Also Like...
Tags
Catholicism Quiz
catholic
date
Holy
Today's Top Quizzes in Religion
Browse Religion
hide this ad
Today's Top Quizzes in Catholicism
Browse Catholicism
Top Contributed Quizzes in Religion
1
5-to-1: Children of Gods
2
5-to-1: European Churches
3
10 to 1: Islam
4
Order Up: Seven Last Words of Christ
5
One Thing in Common: Mythology
6
Religion Who Wants To Be A Millionaire
7
10 to 1: Protestantism
8
10 to 1: Norse Religion
9
One Thing in Common: Mythology II
10
Prime Time: Religion
Explore More
Trending Topics
Disney
Harry Potter
Anime
Marvel
Crossword
Kpop
NBA
WWE
The Office
Pokémon
Soccer
Country
Puzzle
Song
NFL
hide this ad
More By:
dan144556
Quiz
Plays
Rating
Category
Featured
Created
US Most Common Last Names (A-Z)
215,740
4.33
Miscellaneous
Dec 16, 2009
Top Wine Producing States
55,165
4.62
Geography
Aug 19, 2010
College Football Independents (1980)
42,728
4.40
Sports
Dec 30, 2010
MLB Player Countries (All-Time)
2,643
4.46
Sports
Jul 27, 2011
Operas by Mozart
2,398
4.67
Music
Oct 26, 2009
Go to Creator's Profile
Score Distribution
Quiz Creator Spotlight
dan144556
Follow
Send a Message
Quizzes Created
-
Created Quiz Play Count
-
More By This Creator
Popular Quizzes Today
1
Find the Countries of Europe - No Outlines Minefield
2
Find the US States - No Outlines Minefield
3
The Countries of the World
4
Popular People in 1961
5
US States
6
Find the US States
7
1-10 Letter E Words III
8
Risky Map Clicking: Biggest States A-Z
More Religion Quizzes
Same-Name Catholic Saints
Published
Trending Quizzes
Risky Map Clicking: Least Populous States A-Z
1-10 Letter F Words
1-10 Letter G Words
One Thing in Common: United Kingdom
Not Quite an Element Typing Challenge
Recently Updated
Leaping Animals
pecheneg
Reality TV Shows (A-Z)
bhenderson79
Rickey Henderson's Hall of Fame Teammates
pecheneg
Champions League XIs: Arsenal
pecheneg
Quick Pick: Celebrities in WWE's Hall of Fame
aduchscher
A-Z Keypad Blitz II
pecheneg
Multiple Oscar Actors
pecheneg
Mystery Phrase Blitz: Oscar 'Best Actors'
pecheneg
F. Scott Fitzgerald Novels
LTH
Pick 3 Villains
ddd62291
Trending Topics
NBA
Harry Potter
Anime
Crossword
Marvel
Disney
Kpop
WWE
NFL
Pokémon
Song
The Office
Puzzle
Country
Soccer
Your Account Isn't Verified!
In order to create a playlist on Sporcle, you need to verify the email address you used during registration. Go to your
Sporcle Settings
to finish the process.
Report this User
Report this user for behavior that violates our
Community Guidelines
.
Details:
Send Report
Go to the Sporcle.com Mobile Site →
Comments